Contabilidad práctica (Registro nro. 21612)
[ vista simple ]
| 000 -Cabecera | |
|---|---|
| Campo de control interno | 00923nam a2200229Ia 4500 |
| 005 - Fecha y hora del registro | |
| control field | 20260422155150.0 |
| 008 - Elementos de Longitud Fija | |
| fixed length control field | 260320s9999||||xx |||||||||||||| ||und|| |
| 041 ## - Idioma | |
| Codigo Idioma | ESP |
| 082 ## - DEWEY y NOTACIÓN INTERNA | |
| Dewey | 657 |
| Notación Interna | Z55 T. 1 |
| 100 ## - AUTOR | |
| Autor denominación | Zeballos Z., Erly, |
| Término de relación | autor |
| 245 #0 - TÍTULO DE MATERIAL BIBLIOGRÁFICO | |
| Título | Contabilidad práctica |
| 250 ## - EDICIÓN | |
| Edición | Tercera edición |
| 260 ## - CIUDAD, EDITORIAL, AÑO | |
| Ciudad | Arequipa : |
| Nombre de la Editorial | Impresiones Juve, |
| Año | 2006 |
| 300 ## - DESCRIPCIÓN | |
| N° Páginas | 282 páginas : |
| Otros detalles | tablas ; |
| Dimensiones | 21 cm. |
| 650 ## - TEMAS | |
| Temas | Tecnología (Ciencias Aplicadas) |
| 653 ## - DESCRIPTORES | |
| Lenguajes no controlado | Contabilidad; Estados financieros - Contabilidad |
| 654 ## - PROGRAMAS | |
| Programa | Dpto. de Contabilidad |
| 856 ## - URL - UBICACIÓN | |
| URI/URL: Enlace exacto del recurso | <a href="https://0u213xits-y-https-ebooks7--24-com.itmsp.museknowledge.com/visorBook.aspx?i=3781&t=6FD85C47-1F1C-4E7B-944A-A54F68AA76CC">https://0u213xits-y-https-ebooks7--24-com.itmsp.museknowledge.com/visorBook.aspx?i=3781&t=6FD85C47-1F1C-4E7B-944A-A54F68AA76CC</a> |
| Nota pública: Versión digital | <a href="Véase además: Contabilidad financiera avanzada, por Carl Warren. Versión digital">Véase además: Contabilidad financiera avanzada, por Carl Warren. Versión digital</a> |
| 856 ## - URL - UBICACIÓN | |
| URI/URL: Enlace exacto del recurso | <a href="https://itmsp.museknowledge.com/UCSP?groupID=2&action=source&sourceID=eBooks724">https://itmsp.museknowledge.com/UCSP?groupID=2&action=source&sourceID=eBooks724</a> |
| Nota pública: Versión digital | <a href="Véase además: Base de datos Ebook7-24">Véase además: Base de datos Ebook7-24</a> |
| 942 ## - ELEMENTOS DE KOHA | |
| Tipo de documento | Libro |
| Nombre del creador | Justo Noguera |
| Código de catalogador | Tania Ramirez |
| Esquema de clasificación | Dewey Decimal Classification |
| Codigo completo | Registro | Colección | Copia número | Disponibilidad | Tipo de préstamo | Biblioteca Actual | Procedencia (Biblioteca) | Ubicacón | Fecha Ingreso | Tipo de Adquisición | Observación | Date last seen | Total checkouts | Price effective from | Tipo de Item | Estado del Material | Fuente de Clasificación | Damaged status | Withdrawn status |
|---|---|---|---|---|---|---|---|---|---|---|---|---|---|---|---|---|---|---|---|
| 657 Z55 T. 1 | 1084993 | Universidad Católica San Pablo | 1 | Disponible | Disponible | Víctor Andrés Belaunde | Víctor Andrés Belaunde | Planta baja cerrada | 10/03/2026 | Compra | Contabilidad | 20/03/2026 | 20/03/2026 | Libro | Bueno | Dewey Decimal Classification |




